| 000 | 00921nam a22002777a 4500 | ||
|---|---|---|---|
| 003 | CHAP | ||
| 005 | 20220329141058.0 | ||
| 008 | 971013s r 00010 d | ||
| 010 | _a62290 | ||
| 011 | _a63262 | ||
| 035 | _a67438 | ||
| 040 | _cCHAP | ||
| 100 | 0 | 0 |
_aFernández Nava, Rafael. _940248 |
| 245 | _aFamilia Rhamnaceae | ||
| 490 |
_aFlora del Bajío y de Regiones Adyacentes. Fascículo _v; 43 |
||
| 590 |
_aBATCH-UPD _b10 _c20130110 _lUCH01 _h0718 |
||
| 590 |
_aBATCH-UPD _b10 _c20130110 _lUCH01 _h2342 |
||
| 590 |
_aBATCH-UPD _b10 _c20130410 _lUCH01 _h0403 |
||
| 590 |
_aBATCH-UPD _b10 _c20130914 _lUCH01 _h1416 |
||
| 590 |
_aCONVERSION _b10 _c20130109 _lUCH01 _h1333 |
||
| 830 | 0 |
_aFlora del Bajío y de Regiones Adyacentes. Fascículo _v; 43 _941324 |
|
| 852 | 2 |
_yISSUE _d2012-12-17 _503 |
|
| 901 | _aBK | ||
| 942 | _cISSUE | ||
| 949 |
_bBC _cPS _d-152595 _ePS _i67438 _si _t15.00 |
||
| 999 |
_c62290 _d62290 |
||